[Event "DEM U10w 2022"]
[Site "Willingen GER"]
[Date "2022.06.11"]
[Round "11"]
[White "Ramakrishnan, Veda"]
[Black "Margaryan, Mane"]
[Result "1-0"]
[Termination "normal"]
[Board "2"]
[WhiteElo "1191"]
[BlackElo "1107"]
[WhiteClock "01:07:36"]
[BlackClock "01:07:32"]
[PlyCount "109"]
[WhiteFideId "16269519"]
[BlackFideId "16268237"]
[EventCountry "GER"]
[EventRounds "11"]
[EventType "swiss"]
[EventDate "2022.06.04"]

1. e4 {[%emt 00:00:04]} c6 {[%clk 01:15:51]} {[%emt 00:00:06]} 2. d4 {[%clk
01:16:15]} {[%emt 00:00:14]} d5 {[%clk 01:16:12]} {[%emt 00:00:08]} 3. exd5
{[%clk 01:16:35]} {[%emt 00:00:10]} cxd5 {[%clk 01:16:30]} {[%emt 00:00:12]} 4.
Bd3 {[%clk 01:16:49]} {[%emt 00:00:16]} Nf6 {[%clk 01:16:40]} {[%emt 00:00:21]}
5. h3 {[%clk 01:16:50]} {[%emt 00:00:29]} Nc6 {[%clk 01:16:50]} {[%emt
00:00:19]} 6. c3 {[%clk 01:17:14]} {[%emt 00:00:07]} e6 {[%clk 01:16:36]}
{[%emt 00:00:43]} 7. Bf4 {[%clk 01:17:18]} {[%emt 00:00:24]} Bd6 {[%clk
01:16:44]} {[%emt 00:00:24]} 8. Bxd6 {[%clk 01:17:42]} {[%emt 00:00:06]} Qxd6
{[%clk 01:17:04]} {[%emt 00:00:09]} 9. Nf3 {[%clk 01:17:33]} {[%emt 00:00:40]}
O-O {[%clk 01:16:58]} {[%emt 00:00:36]} 10. O-O {[%clk 01:17:39]} {[%emt
00:00:24]} a6 {[%clk 01:16:31]} {[%emt 00:00:57]} 11. Re1 {[%clk 01:17:31]}
{[%emt 00:00:39]} b5 {[%clk 01:15:50]} {[%emt 00:01:10]} 12. Nbd2 {[%clk
01:17:20]} {[%emt 00:00:41]} Bb7 {[%clk 01:15:29]} {[%emt 00:00:50]} 13. Ne5
{[%clk 01:17:19]} {[%emt 00:00:32]} Rac8 {[%clk 01:14:16]} {[%emt 00:01:42]}
14. Nxc6 {[%clk 01:15:32]} {[%emt 00:02:19]} Bxc6 {[%clk 01:14:06]} {[%emt
00:00:38]} 15. Nf3 {[%clk 01:15:41]} {[%emt 00:00:23]} Rfe8 {[%clk 01:13:44]}
{[%emt 00:00:47]} 16. Ne5 {[%emt 00:00:31]} h6 {[%emt 00:00:33]} 17. Re3 {[%clk
01:10:45]} {[%emt 00:04:23]} Ne4 {[%clk 01:12:58]} {[%emt 00:01:18]} 18. Nxc6
{[%clk 01:09:54]} {[%emt 00:01:22]} Qxc6 {[%clk 01:10:41]} {[%emt 00:02:47]}
19. Bxe4 {[%clk 01:09:55]} {[%emt 00:00:29]} dxe4 {[%clk 01:10:49]} {[%emt
00:00:23]} 20. Qe2 {[%clk 01:09:41]} {[%emt 00:00:44]} f5 {[%clk 01:09:43]}
{[%emt 00:01:35]} 21. f3 {[%clk 01:05:46]} {[%emt 00:04:26]} exf3 {[%clk
01:08:00]} {[%emt 00:02:12]} 22. Qxf3 {[%clk 01:05:01]} {[%emt 00:01:15]} Qd6
{[%clk 01:07:07]} {[%emt 00:01:21]} 23. Rae1 {[%clk 01:05:03]} {[%emt
00:00:31]} Rc6 {[%clk 01:06:52]} {[%emt 00:00:44]} 24. Re5 {[%clk 01:03:44]}
{[%emt 00:01:49]} a5 {[%clk 01:04:20]} {[%emt 00:03:03]} 25. Rxf5 {[%clk
01:02:31]} {[%emt 00:01:43]} exf5 {[%clk 01:03:12]} {[%emt 00:01:37]} 26. Rxe8+
{[%clk 01:02:41]} {[%emt 00:00:20]} Kh7 {[%clk 01:03:23]} {[%emt 00:00:18]} 27.
Qxf5+ {[%clk 01:02:34]} {[%emt 00:00:38]} Qg6 {[%clk 01:02:54]} {[%emt
00:00:59]} 28. Qxg6+ {[%clk 01:02:40]} {[%emt 00:00:24]} Kxg6 {[%clk 01:02:56]}
{[%emt 00:00:28]} 29. Re5 {[%clk 01:02:59]} {[%emt 00:00:08]} b4 {[%clk
01:02:40]} {[%emt 00:00:48]} 30. Rc5 {[%clk 01:00:41]} {[%emt 00:02:50]} Rxc5
{[%clk 01:02:15]} {[%emt 00:00:54]} 31. dxc5 {[%clk 01:00:42]} {[%emt
00:00:30]} Kf6 {[%clk 01:02:36]} {[%emt 00:00:09]} 32. cxb4 {[%clk 01:00:00]}
{[%emt 00:01:12]} axb4 {[%clk 01:02:56]} {[%emt 00:00:10]} 33. a3 {[%clk
00:59:52]} {[%emt 00:00:38]} bxa3 {[%clk 01:03:12]} {[%emt 00:00:14]} 34. bxa3
{[%emt 00:00:07]} Ke5 {[%clk 01:03:01]} {[%emt 00:00:38]} 35. Kf2 {[%clk
01:00:34]} {[%emt 00:00:13]} Kd5 {[%clk 01:03:11]} {[%emt 00:00:21]} 36. Kf3
{[%clk 01:00:48]} {[%emt 00:00:15]} Kxc5 {[%clk 01:03:26]} {[%emt 00:00:15]}
37. Kf4 {[%clk 01:01:13]} {[%emt 00:00:04]} Kd6 {[%clk 01:03:11]} {[%emt
00:00:46]} 38. Kf5 {[%clk 01:01:31]} {[%emt 00:00:12]} Ke7 {[%clk 01:03:27]}
{[%emt 00:00:14]} 39. Kg6 {[%clk 01:01:55]} {[%emt 00:00:06]} Kf8 {[%clk
01:03:42]} {[%emt 00:00:16]} 40. a4 {[%clk 01:02:18]} {[%emt 00:00:07]} Ke7
{[%clk 01:03:52]} {[%emt 00:00:20]} 41. Kxg7 {[%clk 01:02:41]} {[%emt
00:00:07]} h5 {[%clk 01:04:09]} {[%emt 00:00:12]} 42. Kg6 {[%clk 01:03:03]}
{[%emt 00:00:07]} h4 {[%clk 01:04:30]} {[%emt 00:00:10]} 43. Kg5 {[%clk
01:03:30]} {[%emt 00:00:04]} Kd6 {[%clk 01:04:52]} {[%emt 00:00:08]} 44. Kxh4
{[%clk 01:03:54]} {[%emt 00:00:05]} Kc5 {[%clk 01:05:13]} {[%emt 00:00:10]} 45.
Kg5 {[%clk 01:04:17]} {[%emt 00:00:06]} Kb4 {[%clk 01:05:36]} {[%emt 00:00:07]}
46. h4 {[%clk 01:04:43]} {[%emt 00:00:04]} Kxa4 {[%clk 01:06:03]} {[%emt
00:00:03]} 47. h5 {[%clk 01:05:08]} {[%emt 00:00:05]} Kb3 {[%clk 01:05:41]}
{[%emt 00:00:53]} 48. h6 {[%clk 01:05:33]} {[%emt 00:00:05]} Kc3 {[%clk
01:06:07]} {[%emt 00:00:04]} 49. h7 {[%clk 01:05:58]} {[%emt 00:00:04]} Kd2
{[%clk 01:06:25]} {[%emt 00:00:12]} 50. h8=Q {[%clk 01:06:23]} {[%emt
00:00:04]} Ke2 {[%clk 01:06:42]} {[%emt 00:00:14]} 51. Qc3 {[%clk 01:06:33]}
{[%emt 00:00:19]} Kf2 {[%clk 01:07:01]} {[%emt 00:00:13]} 52. Kg4 {[%clk
01:06:50]} {[%emt 00:00:10]} Kxg2 {[%clk 01:07:10]} {[%emt 00:00:24]} 53. Qc2+
{[%clk 01:07:12]} {[%emt 00:00:07]} Kf1 {[%clk 01:07:32]} {[%emt 00:00:08]} 54.
Kf3 {[%clk 01:07:36]} {[%emt 00:00:06]} Kg1 {[%emt 00:00:15]} 55. Qg2# {[%emt
00:00:06]} 1-0

[Event "DEM U10w 2022"]
[Site "Willingen GER"]
[Date "2022.06.11"]
[Round "11"]
[White "Stiehler, Mara"]
[Black "Weyerer, Elea"]
[Result "1-0"]
[Termination "normal"]
[Board "3"]
[WhiteElo "1200"]
[BlackElo "876"]
[WhiteClock "00:51:43"]
[BlackClock "00:38:36"]
[PlyCount "137"]
[WhiteFideId "34621199"]
[BlackFideId "34605770"]
[EventCountry "GER"]
[EventRounds "11"]
[EventType "swiss"]
[EventDate "2022.06.04"]

1. e4 {[%clk 01:15:58]} {[%emt 00:00:02]} e6 {[%clk 01:15:55]} {[%emt
00:00:06]} 2. d4 {[%clk 01:16:24]} {[%emt 00:00:05]} d5 {[%clk 01:16:18]}
{[%emt 00:00:06]} 3. exd5 {[%clk 01:16:48]} {[%emt 00:00:06]} exd5 {[%clk
01:16:40]} {[%emt 00:00:08]} 4. Bd3 {[%clk 01:17:12]} {[%emt 00:00:05]} Bd6
{[%clk 01:17:00]} {[%emt 00:00:10]} 5. Ne2 {[%clk 01:17:36]} {[%emt 00:00:07]}
Nf6 {[%clk 01:17:20]} {[%emt 00:00:09]} 6. Nbc3 {[%clk 01:17:55]} {[%emt
00:00:12]} c6 {[%clk 01:17:40]} {[%emt 00:00:09]} 7. Bg5 {[%clk 01:18:16]}
{[%emt 00:00:10]} Nbd7 {[%clk 01:17:56]} {[%emt 00:00:13]} 8. Qd2 {[%clk
01:18:37]} {[%emt 00:00:09]} h6 {[%clk 01:18:07]} {[%emt 00:00:18]} 9. Bh4
{[%clk 01:19:01]} {[%emt 00:00:07]} O-O {[%clk 01:18:14]} {[%emt 00:00:24]} 10.
O-O-O {[%clk 01:19:19]} {[%emt 00:00:11]} Re8 {[%clk 01:18:05]} {[%emt
00:00:39]} 11. f3 {[%clk 01:19:34]} {[%emt 00:00:15]} Nb6 {[%clk 01:16:51]}
{[%emt 00:01:45]} 12. g4 {[%clk 01:19:37]} {[%emt 00:00:27]} Be7 {[%clk
01:10:57]} {[%emt 00:06:24]} 13. Bg3 {[%clk 01:18:15]} {[%emt 00:01:51]} Nc4
{[%clk 01:09:01]} {[%emt 00:02:28]} 14. Bxc4 {[%clk 01:15:42]} {[%emt
00:03:02]} dxc4 {[%clk 01:09:25]} {[%emt 00:00:07]} 15. h4 {[%clk 01:14:39]}
{[%emt 00:01:32]} h5 {[%clk 01:08:25]} {[%emt 00:01:29]} 16. gxh5 {[%clk
01:13:53]} {[%emt 00:01:16]} Nxh5 {[%clk 01:08:39]} {[%emt 00:00:17]} 17. Ne4
{[%clk 01:11:32]} {[%emt 00:02:49]} b5 {[%clk 01:08:16]} {[%emt 00:00:53]} 18.
Bf2 {[%clk 01:10:18]} {[%emt 00:01:46]} a5 {[%clk 01:08:01]} {[%emt 00:00:45]}
19. N2g3 {[%clk 01:10:22]} {[%emt 00:00:26]} Nf6 {[%clk 01:07:46]} {[%emt
00:00:44]} 20. h5 {[%clk 01:10:03]} {[%emt 00:00:49]} Nh7 {[%clk 01:07:35]}
{[%emt 00:00:41]} 21. Be3 {[%clk 01:08:16]} {[%emt 00:02:18]} Qc7 {[%clk
01:04:19]} {[%emt 00:03:46]} 22. Ne2 {[%clk 01:07:18]} {[%emt 00:01:28]} b4
{[%clk 01:04:01]} {[%emt 00:00:47]} 23. Rdg1 {[%clk 01:06:02]} {[%emt
00:01:45]} Kh8 {[%clk 01:03:21]} {[%emt 00:01:11]} 24. h6 {[%clk 01:05:45]}
{[%emt 00:00:47]} Rg8 {[%clk 01:03:04]} {[%emt 00:00:46]} 25. hxg7+ {[%clk
01:05:56]} {[%emt 00:00:21]} Rxg7 {[%clk 01:03:15]} {[%emt 00:00:19]} 26. d5
{[%clk 01:05:27]} {[%emt 00:00:59]} cxd5 {[%clk 01:01:09]} {[%emt 00:02:37]}
27. Bd4 {[%clk 01:05:42]} {[%emt 00:00:14]} f6 {[%clk 00:59:55]} {[%emt
00:01:44]} 28. Nxf6 {[%emt 00:04:35]} Rxg1+ {[%clk 00:51:56]} {[%emt 00:04:48]}
29. Nxg1 {[%clk 01:05:25]} {[%emt 00:00:23]} Bxf6 {[%clk 00:50:39]} {[%emt
00:01:47]} 30. Bxf6+ {[%clk 01:05:42]} {[%emt 00:00:12]} Kg8 {[%clk 00:50:37]}
{[%emt 00:00:32]} 31. Qxd5+ {[%clk 01:04:55]} {[%emt 00:01:18]} Kf8 {[%clk
00:47:37]} {[%emt 00:03:30]} 32. Qxa8 {[%clk 01:01:41]} {[%emt 00:03:44]} Nxf6
{[%clk 00:47:19]} {[%emt 00:00:48]} 33. Rh8+ {[%clk 01:01:27]} {[%emt
00:00:43]} Ng8 {[%clk 00:47:28]} {[%emt 00:00:21]} 34. Qd5 {[%clk 01:00:19]}
{[%emt 00:01:35]} Qg7 {[%clk 00:45:14]} {[%emt 00:02:46]} 35. Qc5+ {[%emt
00:01:58]} Kf7 {[%clk 00:45:02]} {[%emt 00:00:40]} 36. Qxc4+ {[%clk 00:58:03]}
{[%emt 00:01:22]} Be6 {[%clk 00:43:19]} {[%emt 00:02:12]} 37. Qc7+ {[%clk
00:58:10]} {[%emt 00:00:23]} Ne7 {[%clk 00:43:21]} {[%emt 00:00:29]} 38. Qh2
{[%clk 00:57:32]} {[%emt 00:01:07]} Qg5+ {[%clk 00:41:27]} {[%emt 00:02:24]}
39. Kb1 {[%clk 00:57:30]} {[%emt 00:00:33]} Qb5 {[%clk 00:39:22]} {[%emt
00:02:35]} 40. Qh7+ {[%clk 00:57:00]} {[%emt 00:01:00]} Kf6 {[%clk 00:39:38]}
{[%emt 00:00:15]} 41. Rf8+ {[%clk 00:56:56]} {[%emt 00:00:32]} Ke5 {[%clk
00:39:40]} {[%emt 00:00:28]} 42. Qe4+ {[%clk 00:56:40]} {[%emt 00:00:46]} Kd6
{[%clk 00:39:42]} {[%emt 00:00:28]} 43. Qd3+ {[%clk 00:56:18]} {[%emt
00:00:53]} Qd5 {[%clk 00:38:46]} {[%emt 00:01:26]} 44. Rd8+ {[%clk 00:56:11]}
{[%emt 00:00:36]} Bd7 {[%clk 00:39:06]} {[%emt 00:00:10]} 45. Qxd5+ {[%clk
00:56:23]} {[%emt 00:00:18]} Nxd5 {[%clk 00:39:29]} {[%emt 00:00:08]} 46. b3
{[%clk 00:56:17]} {[%emt 00:00:36]} Ke6 {[%clk 00:39:13]} {[%emt 00:00:45]} 47.
Ra8 {[%clk 00:56:37]} {[%emt 00:00:11]} Nc3+ {[%clk 00:39:27]} {[%emt
00:00:16]} 48. Ka1 {[%clk 00:56:43]} {[%emt 00:00:23]} a4 {[%clk 00:39:44]}
{[%emt 00:00:14]} 49. Ra6+ {[%clk 00:56:33]} {[%emt 00:00:40]} Ke7 {[%clk
00:39:44]} {[%emt 00:00:30]} 50. Ra7 {[%clk 00:53:26]} {[%emt 00:03:37]} a3
{[%clk 00:39:21]} {[%emt 00:00:52]} 51. Rb7 {[%clk 00:53:35]} {[%emt 00:00:21]}
Nd5 {[%clk 00:39:39]} {[%emt 00:00:12]} 52. Ne2 {[%clk 00:53:33]} {[%emt
00:00:33]} Ne3 {[%clk 00:39:49]} {[%emt 00:00:20]} 53. Nd4 {[%clk 00:53:11]}
{[%emt 00:00:52]} Kd6 {[%clk 00:38:56]} {[%emt 00:01:22]} 54. Rxb4 {[%clk
00:51:52]} {[%emt 00:01:50]} Kc5 {[%clk 00:39:14]} {[%emt 00:00:12]} 55. c3
{[%clk 00:52:03]} {[%emt 00:00:19]} Bc6 {[%clk 00:38:38]} {[%emt 00:01:06]} 56.
Rb8 {[%clk 00:51:11]} {[%emt 00:01:22]} Nd1 {[%clk 00:36:57]} {[%emt 00:02:09]}
57. Rc8 {[%clk 00:50:30]} {[%emt 00:01:12]} Kd6 {[%clk 00:35:20]} {[%emt
00:02:06]} 58. Rxc6+ {[%clk 00:50:16]} {[%emt 00:00:45]} Kd5 {[%clk 00:35:27]}
{[%emt 00:00:23]} 59. b4 {[%clk 00:49:13]} {[%emt 00:01:33]} Nxc3 {[%clk
00:35:23]} {[%emt 00:00:34]} 60. Rxc3 {[%clk 00:49:32]} {[%emt 00:00:11]} Kxd4
{[%clk 00:35:48]} {[%emt 00:00:05]} 61. Rc8 {[%clk 00:49:44]} {[%emt 00:00:18]}
Ke3 {[%clk 00:36:10]} {[%emt 00:00:09]} 62. b5 {[%clk 00:49:44]} {[%emt
00:00:30]} Kxf3 {[%clk 00:36:31]} {[%emt 00:00:09]} 63. b6 {[%clk 00:50:09]}
{[%emt 00:00:05]} Kg4 {[%clk 00:36:52]} {[%emt 00:00:09]} 64. b7 {[%clk
00:50:33]} {[%emt 00:00:06]} Kf4 {[%clk 00:37:19]} {[%emt 00:00:02]} 65. b8=Q+
{[%clk 00:50:48]} {[%emt 00:00:14]} Kf3 {[%clk 00:37:45]} {[%emt 00:00:06]} 66.
Qe5 {[%clk 00:51:04]} {[%emt 00:00:13]} Kg2 {[%clk 00:38:09]} {[%emt 00:00:06]}
67. Qf4 {[%clk 00:51:19]} {[%emt 00:00:15]} Kh1 {[%clk 00:38:14]} {[%emt
00:00:25]} 68. Qg4 {[%clk 00:51:43]} {[%emt 00:00:07]} Kh2 {[%clk 00:38:36]}
{[%emt 00:00:08]} 69. Rh8+ {[%emt 00:00:04]} 1-0

[Event "DEM U10w 2022"]
[Site "Willingen GER"]
[Date "2022.06.11"]
[Round "11"]
[White "Hladeniuk, Yelyzaveta"]
[Black "Glotz, Katharina"]
[Result "0-1"]
[Termination "normal"]
[Board "4"]
[WhiteElo "1019"]
[BlackElo "1067"]
[WhiteClock "00:07:49"]
[BlackClock "00:07:25"]
[PlyCount "80"]
[WhiteFideId "34176128"]
[BlackFideId "34631011"]
[EventCountry "GER"]
[EventRounds "11"]
[EventType "swiss"]
[EventDate "2022.06.04"]

1. d4 {[%clk 01:15:59]} {[%emt 00:00:01]} Nf6 {[%clk 01:15:48]} {[%emt
00:00:11]} 2. c4 {[%clk 01:16:20]} {[%emt 00:00:09]} e5 {[%clk 01:15:36]}
{[%emt 00:00:41]} 3. dxe5 {[%clk 01:16:35]} {[%emt 00:00:16]} Ng4 {[%clk
01:15:20]} {[%emt 00:00:43]} 4. Nf3 {[%clk 01:12:46]} {[%emt 00:04:22]} Nc6
{[%clk 01:14:22]} {[%emt 00:01:28]} 5. Bf4 {[%clk 01:11:56]} {[%emt 00:01:21]}
Bb4+ {[%clk 01:14:04]} {[%emt 00:00:47]} 6. Nbd2 {[%clk 01:11:43]} {[%emt
00:00:43]} Qe7 {[%clk 01:13:32]} {[%emt 00:01:00]} 7. e3 {[%clk 01:11:33]}
{[%emt 00:00:42]} O-O {[%clk 01:10:52]} {[%emt 00:03:09]} 8. Be2 {[%clk
01:10:05]} {[%emt 00:01:59]} Ngxe5 {[%clk 01:10:49]} {[%emt 00:00:33]} 9. O-O
{[%clk 01:09:25]} {[%emt 00:01:11]} Qe6 {[%clk 01:03:33]} {[%emt 00:07:43]} 10.
b3 {[%clk 01:08:59]} {[%emt 00:00:59]} Re8 {[%clk 01:01:11]} {[%emt 00:02:47]}
11. Nd4 {[%clk 01:06:13]} {[%emt 00:03:20]} Nxd4 {[%clk 01:00:19]} {[%emt
00:01:22]} 12. exd4 {[%clk 01:06:32]} {[%emt 00:00:12]} Ng6 {[%clk 00:59:06]}
{[%emt 00:01:42]} 13. Be3 {[%clk 01:03:33]} {[%emt 00:03:29]} d5 {[%clk
00:54:27]} {[%emt 00:05:08]} 14. cxd5 {[%clk 00:56:47]} {[%emt 00:07:17]} Qxd5
{[%clk 00:54:32]} {[%emt 00:00:25]} 15. Bc4 {[%clk 00:57:05]} {[%emt 00:00:13]}
Qd7 {[%clk 00:52:53]} {[%emt 00:02:06]} 16. Qf3 {[%clk 00:55:36]} {[%emt
00:02:01]} Rf8 {[%clk 00:51:02]} {[%emt 00:02:21]} 17. Rac1 {[%clk 00:50:40]}
{[%emt 00:05:26]} c5 {[%clk 00:49:21]} {[%emt 00:02:07]} 18. d5 {[%clk
00:43:45]} {[%emt 00:07:29]} b5 {[%clk 00:43:07]} {[%emt 00:06:42]} 19. Be2
{[%clk 00:41:35]} {[%emt 00:02:41]} Bb7 {[%clk 00:42:57]} {[%emt 00:00:37]} 20.
Rfd1 {[%clk 00:32:07]} {[%emt 00:10:00]} Rfc8 {[%clk 00:33:24]} {[%emt
00:10:01]} 21. Ne4 {[%clk 00:25:12]} {[%emt 00:07:29]} Bxd5 {[%clk 00:24:28]}
{[%emt 00:09:25]} 22. Rxd5 {[%clk 00:25:15]} {[%emt 00:00:27]} Qc6 {[%clk
00:18:01]} {[%emt 00:06:47]} 23. Rdd1 {[%clk 00:19:47]} {[%emt 00:06:08]} Qb6
{[%clk 00:12:09]} {[%emt 00:06:18]} 24. Nxc5 {[%clk 00:16:58]} {[%emt
00:03:24]} Ne5 {[%clk 00:09:22]} {[%emt 00:03:15]} 25. Qb7 {[%clk 00:14:02]}
{[%emt 00:03:27]} Qxb7 {[%clk 00:08:01]} {[%emt 00:01:51]} 26. Nxb7 {[%clk
00:14:19]} {[%emt 00:00:14]} a6 {[%clk 00:08:20]} {[%emt 00:00:10]} 27. Rxc8+
{[%clk 00:13:04]} {[%emt 00:01:47]} Rxc8 {[%clk 00:08:42]} {[%emt 00:00:07]}
28. Nd6 {[%clk 00:13:18]} {[%emt 00:00:15]} Rd8 {[%clk 00:07:47]} {[%emt
00:01:25]} 29. Ne4 {[%clk 00:12:40]} {[%emt 00:01:09]} Rc8 {[%clk 00:08:04]}
{[%emt 00:00:12]} 30. Bc5 {[%clk 00:11:24]} {[%emt 00:01:47]} Ba5 {[%clk
00:08:07]} {[%emt 00:00:24]} 31. b4 {[%clk 00:11:23]} {[%emt 00:00:34]} Bd8
{[%clk 00:08:12]} {[%emt 00:00:23]} 32. Rd6 {[%clk 00:09:22]} {[%emt 00:02:27]}
Ra8 {[%clk 00:08:07]} {[%emt 00:00:39]} 33. Bb6 {[%clk 00:08:51]} {[%emt
00:01:02]} Be7 {[%clk 00:08:22]} {[%emt 00:00:13]} 34. Rd4 {[%clk 00:08:49]}
{[%emt 00:00:34]} Rb8 {[%clk 00:08:32]} {[%emt 00:00:19]} 35. Bc5 {[%clk
00:09:08]} {[%emt 00:00:12]} Bxc5 {[%clk 00:08:00]} {[%emt 00:01:03]} 36. Nxc5
{[%clk 00:09:31]} {[%emt 00:00:08]} Nc6 {[%clk 00:08:06]} {[%emt 00:00:21]} 37.
Re4 {[%clk 00:08:47]} {[%emt 00:01:15]} Ra8 {[%clk 00:08:03]} {[%emt 00:00:32]}
38. Bf3 {[%clk 00:08:41]} {[%emt 00:00:38]} a5 {[%clk 00:07:10]} {[%emt
00:01:22]} 39. a3 {[%clk 00:07:25]} {[%emt 00:01:46]} axb4 {[%clk 00:07:25]}
{[%emt 00:00:16]} 40. axb4 {[%clk 00:07:49]} {[%emt 00:00:06]} Ra1+ {[%emt
00:00:46]} 0-1